Iuris tantum

Detalles Bibliográficos
Autor Corporativo: Universidad Anh̀uac. Facultad de Derecho
Formato: Desconocido
Lenguaje:español
Publicado: Mx̌ico, D.F. : Universidad Anh̀uac
Materias:
Acceso en línea:Acceso restringido

MARC

LEADER 00000ny a22000003n 4500
005 20110512114314.0
008 100322c19uu9999mx ar p 0 0spa d
010 |a 00236508 
022 |a 2007-0500 
035 |a 3231 
040 |a BUS  |d vLex 
090 |c 1761  |d 1761 
245 0 0 |a Iuris tantum  |h [Recurso electrn̤ico] 
256 |a Servicio en ln̕ea 
260 |a Mx̌ico, D.F. :  |b Universidad Anh̀uac 
310 |a Anual 
506 1 |a Contenido solo disponible en los productos indicados  |d vLex Global  |d vLex Global (Academic Edition, excluding Law Schools)  |d vLex Global (U.S. Academic Edition, Law Schools)  |d vLex Global (U.S. Academic Edition, excluding Law Schools)  |d vLex Global (Academic Edition, Law Schools) 
650 0 4 |a Derecho  |z Mx̌ico  |x Publicaciones perid̤icas 
710 2 |a Universidad Anh̀uac.  |b Facultad de Derecho 
740 0 |a vLex Revista (Servicios en ln̕ea) 
843 |a Electrn̤ica. Cerrada 
853 |8 1  |i (year)  |j (month)  |k (day) 
856 4 0 |u http://vlex.com/source/3231  |z Acceso restringido 
942 |c REV 
999 0 |a Law reviews  |z Mexico. 
999 0 |a Law  |z Mexico  |v Periodicals.